000 00275nam a22001097a 4500
082 _a621.389324 SAM'H
100 _aHOWARD, W. SAMS
_95628
245 _aSAMS PHOTFACT TAPE RECORDER SERIES
250 _aVOL-27, 29, 32
260 _aINDIANA
_bHOWARD W. SAMS
_c1966
942 _cBK
999 _c584894
_d584894